<?xml version="1.0" encoding="UTF-8"?>
<record
    xmlns:xsi="http://www.w3.org/2001/XMLSchema-instance"
    xsi:schemaLocation="http://www.loc.gov/MARC21/slim http://www.loc.gov/standards/marcxml/schema/MARC21slim.xsd"
    xmlns="http://www.loc.gov/MARC21/slim">

  <leader>01347nam a22003737a 4500</leader>
  <datafield tag="952" ind1=" " ind2=" ">
    <subfield code="0">0</subfield>
    <subfield code="1">0</subfield>
    <subfield code="2">ddc</subfield>
    <subfield code="4">0</subfield>
    <subfield code="7">0</subfield>
    <subfield code="8">NFIC</subfield>
    <subfield code="a">MES</subfield>
    <subfield code="b">MES</subfield>
    <subfield code="c">MGC</subfield>
    <subfield code="d">2019-02-20</subfield>
    <subfield code="g">215.00</subfield>
    <subfield code="l">0</subfield>
    <subfield code="o">954 GAN/G</subfield>
    <subfield code="p">32088</subfield>
    <subfield code="r">2019-02-20 00:00:00</subfield>
    <subfield code="w">2019-02-20</subfield>
    <subfield code="y">BK</subfield>
    <subfield code="z">GR11R3</subfield>
  </datafield>
  <datafield tag="999" ind1=" " ind2=" ">
    <subfield code="c">16232</subfield>
    <subfield code="d">16232</subfield>
  </datafield>
  <controlfield tag="001">3049384</controlfield>
  <controlfield tag="003">OSt</controlfield>
  <controlfield tag="005">20201214144749.0</controlfield>
  <controlfield tag="007">hduafb---bacp</controlfield>
  <controlfield tag="007">hdubfb---baap</controlfield>
  <controlfield tag="008">960418s1951    ii a    a     000 0ahin  </controlfield>
  <datafield tag="010" ind1=" " ind2=" ">
    <subfield code="a">   95909267 </subfield>
  </datafield>
  <datafield tag="020" ind1=" " ind2=" ">
    <subfield code="a">9788173091735</subfield>
  </datafield>
  <datafield tag="025" ind1=" " ind2=" ">
    <subfield code="a">NBIL-21647</subfield>
  </datafield>
  <datafield tag="040" ind1=" " ind2=" ">
    <subfield code="a">DLC</subfield>
    <subfield code="c">oclc</subfield>
  </datafield>
  <datafield tag="042" ind1=" " ind2=" ">
    <subfield code="a">lcode</subfield>
  </datafield>
  <datafield tag="043" ind1=" " ind2=" ">
    <subfield code="a">a-ii---</subfield>
  </datafield>
  <datafield tag="082" ind1=" " ind2=" ">
    <subfield code="a">954</subfield>
    <subfield code="b">GAN/G</subfield>
  </datafield>
  <datafield tag="100" ind1=" " ind2=" ">
    <subfield code="a">Gandhi, M K</subfield>
    <subfield code="c">Mahatma,</subfield>
    <subfield code="d">1869-1948</subfield>
    <subfield code="9">3322</subfield>
  </datafield>
  <datafield tag="245" ind1="1" ind2="0">
    <subfield code="a">Gandhi Sahitye Mere samak&#x101;l&#x12B;n /</subfield>
    <subfield code="c"> M K Gandhi</subfield>
  </datafield>
  <datafield tag="260" ind1=" " ind2=" ">
    <subfield code="a">New delhi:</subfield>
    <subfield code="b">Sast&#x101; S&#x101;hitya Ma&#x1E47;&#x1E0D;ala,</subfield>
    <subfield code="c">2006.</subfield>
  </datafield>
  <datafield tag="300" ind1=" " ind2=" ">
    <subfield code="a">464p</subfield>
  </datafield>
  <datafield tag="440" ind1=" " ind2="0">
    <subfield code="a">G&#x101;ndh&#x12B; s&#x101;hitya ;</subfield>
    <subfield code="v">7</subfield>
  </datafield>
  <datafield tag="520" ind1=" " ind2=" ">
    <subfield code="a">Reminiscences of Mahatma Gandhi, 1869-1948, about his political contemporaries.</subfield>
  </datafield>
  <datafield tag="533" ind1=" " ind2=" ">
    <subfield code="b">New Delhi :</subfield>
    <subfield code="c">Library of Congress Office ;</subfield>
    <subfield code="b">Chicago :</subfield>
    <subfield code="c">Available from Center for Research Libraries,</subfield>
    <subfield code="d">1995.</subfield>
    <subfield code="f">(SAMP early 20th-century Indian books project ; item 21647).</subfield>
  </datafield>
  <datafield tag="546" ind1=" " ind2=" ">
    <subfield code="a">In Hindi.</subfield>
  </datafield>
  <datafield tag="600" ind1="1" ind2="0">
    <subfield code="a">Gandhi,</subfield>
    <subfield code="c">Mahatma,</subfield>
    <subfield code="d">1869-1948.</subfield>
  </datafield>
  <datafield tag="650" ind1=" " ind2="0">
    <subfield code="a">Statesmen</subfield>
    <subfield code="z">India</subfield>
    <subfield code="x">Biography.</subfield>
  </datafield>
  <datafield tag="651" ind1=" " ind2="0">
    <subfield code="a">India</subfield>
    <subfield code="x">Politics and government</subfield>
    <subfield code="y">1919-1947.</subfield>
  </datafield>
  <datafield tag="830" ind1=" " ind2="0">
    <subfield code="a">SAMP early 20th-century Indian books project ;</subfield>
    <subfield code="v">item 21647.</subfield>
  </datafield>
  <datafield tag="906" ind1=" " ind2=" ">
    <subfield code="a">7</subfield>
    <subfield code="b">cbc</subfield>
    <subfield code="c">origode</subfield>
    <subfield code="d">5</subfield>
    <subfield code="e">ncip</subfield>
    <subfield code="f">19</subfield>
    <subfield code="g">y-genmicro</subfield>
  </datafield>
  <datafield tag="942" ind1=" " ind2=" ">
    <subfield code="2">ddc</subfield>
    <subfield code="c">BK</subfield>
    <subfield code="h">954</subfield>
    <subfield code="i">GAN/G</subfield>
    <subfield code="k">954</subfield>
    <subfield code="m">GAN/G</subfield>
  </datafield>
</record>
